| 000 | 01326nam a2200337 a 4500 | ||
|---|---|---|---|
| 001 | C01475310c-1 | ||
| 003 | CO-ViMGA | ||
| 005 | 20230915233136.0 | ||
| 008 | 150319s2015 ck a gr 00010 spa d | ||
| 020 | _a9789588843223 | ||
| 040 |
_aCO-ViMGA _bspa _cCO-ViMGA |
||
| 082 | 0 | 4 |
_a618.2 _bB673o _219 |
| 100 | 1 |
_aBotero, Jaime. _93661 |
|
| 245 | 1 | 0 |
_aObstetricia y ginecología : _btexto integrado / _cJ. Botero, A. Júbiz, G. Henao ; corrección de texto Alejandro Giraldo Cardona, Martha Lucía Muriel Herrera, Gloria Elsy Nanclares Quintero [y otro] ; dibujos e ilustraciones Freddy Morales G. |
| 250 | _aNovena edición. | ||
| 260 |
_aMedellín : _bCIB Fondo Editorial : _b2015. |
||
| 300 |
_axxvii, 879 páginas : _bilustraciones, gráficos ; _c28 cm. |
||
| 500 | _aIncluye índice. | ||
| 650 | 1 | 4 |
_aCirugía obstétrica. _93665 |
| 650 | 1 | 4 |
_aGinecología. _93662 |
| 650 | 1 | 4 |
_aMujeres _x Enfermedades. _93664 |
| 650 | 1 | 4 |
_aObstetricia. _93663 |
| 700 | 1 |
_aCano Rivera, Óscar Fernando. _93671 |
|
| 700 | 1 |
_aGiraldo Cardona, Alejandro. _93668 |
|
| 700 | 1 |
_aHenao, Guillermo. _93666 |
|
| 700 | 1 |
_aLondoño, Juan Guillermo. _93667 |
|
| 700 | 1 |
_aMorales G., Freddy, _eilustrador. _93672 |
|
| 700 | 1 |
_aMuriel Herrera, Martha Lucía. _93669 |
|
| 700 | 1 |
_aNanclares Quintero, Gloria Elsy. _93670 |
|
| 942 |
_2ddc _cBK |
||
| 999 |
_c35582 _d35582 |
||